Management of Changes in Socio-Economic Systems

This book addresses changes in socio-economic systems. To do so, it employs the evolutional approach, which views changes in socio-economic systems from an evolutionary standpoint connecting the past, present and future, and focuses on preventing sudden, high-risk changes. The changes in socio-econo...

Πλήρης περιγραφή

Λεπτομέρειες βιβλιογραφικής εγγραφής
Συγγραφή απο Οργανισμό/Αρχή: SpringerLink (Online service)
Άλλοι συγγραφείς: Endovitsky, Dmitry A. (Επιμελητής έκδοσης, http://id.loc.gov/vocabulary/relators/edt), Popkova, Elena G. (Επιμελητής έκδοσης, http://id.loc.gov/vocabulary/relators/edt)
Μορφή: Ηλεκτρονική πηγή Ηλ. βιβλίο
Γλώσσα:English
Έκδοση: Cham : Springer International Publishing : Imprint: Springer, 2018.
Έκδοση:1st ed. 2018.
Σειρά:Studies in Systems, Decision and Control, 135
Θέματα:
Διαθέσιμο Online:Full Text via HEAL-Link
LEADER 04817nam a2200541 4500
001 978-3-319-72613-7
003 DE-He213
005 20191021223548.0
007 cr nn 008mamaa
008 171222s2018 gw | s |||| 0|eng d
020 |a 9783319726137  |9 978-3-319-72613-7 
024 7 |a 10.1007/978-3-319-72613-7  |2 doi 
040 |d GrThAP 
050 4 |a Q342 
072 7 |a UYQ  |2 bicssc 
072 7 |a TEC009000  |2 bisacsh 
072 7 |a UYQ  |2 thema 
082 0 4 |a 006.3  |2 23 
245 1 0 |a Management of Changes in Socio-Economic Systems  |h [electronic resource] /  |c edited by Dmitry A. Endovitsky, Elena G. Popkova. 
250 |a 1st ed. 2018. 
264 1 |a Cham :  |b Springer International Publishing :  |b Imprint: Springer,  |c 2018. 
300 |a XII, 177 p. 14 illus.  |b online resource. 
336 |a text  |b txt  |2 rdacontent 
337 |a computer  |b c  |2 rdamedia 
338 |a online resource  |b cr  |2 rdacarrier 
347 |a text file  |b PDF  |2 rda 
490 1 |a Studies in Systems, Decision and Control,  |x 2198-4182 ;  |v 135 
505 0 |a The system organization of economy and management -- Changes and inertia-analysis and forecast of functional interconnections -- Management of changes of socio-economic systems: economic analysis of the state and consequences of the systemic feature -- Policy, technologies, and approaches to management of organizational changes -- Management of evolutional changes of socio-economic systems -- Opposition to changes, the methods of its forecasting and overcoming -- Analysis of risks of forecasted changes with the help of fuzzy logic elements -- Economic and statistical analysis of non-opposition to changes in the labor market and the educational services market -- Economic analysis of investments as a source of economic changes -- The essence of the processes of economic growth of socio-economic systems -- Approaches to managing economic growth of socio-economic systems -- Specifics of economic growth of developing countries -- Experience of modern Russia in managing economic growth -- "Underdevelopment whirlpools" as manifestation of disproportions of economic growth in modern Russia -- Russia's problems and potential in accelerating the rate of economic growth in the conditions of information economy -- Perspective model of activation of economic growth in modern Russia. 
520 |a This book addresses changes in socio-economic systems. To do so, it employs the evolutional approach, which views changes in socio-economic systems from an evolutionary standpoint connecting the past, present and future, and focuses on preventing sudden, high-risk changes. The changes in socio-economic systems are also studied with the help of the system approach, which calls for assessing complex economic subjects, characterized by the sustainable connections between their elements, as socio-economic systems.  Combining these two approaches in the context of studying the changes in socio-economic systems is unprecedented in modern economic science. The book studies various issues that cover both fundamental aspects of the system organization of economy and management and applied aspects of managing changes in socio-economic systems.  The target audience of the book includes scholars and experts whose work involves studying the dynamic process of modern socio-economic systems' development. The scientific conclusions and practical recommendations that the book provides can be applied to the development and implementation of state economic policy in various countries around the world. 
650 0 |a Computational intelligence. 
650 0 |a Economic theory. 
650 0 |a Artificial intelligence. 
650 0 |a Economic sociology. 
650 1 4 |a Computational Intelligence.  |0 http://scigraph.springernature.com/things/product-market-codes/T11014 
650 2 4 |a Economic Theory/Quantitative Economics/Mathematical Methods.  |0 http://scigraph.springernature.com/things/product-market-codes/W29000 
650 2 4 |a Artificial Intelligence.  |0 http://scigraph.springernature.com/things/product-market-codes/I21000 
650 2 4 |a Organizational Studies, Economic Sociology.  |0 http://scigraph.springernature.com/things/product-market-codes/X22020 
700 1 |a Endovitsky, Dmitry A.  |e editor.  |4 edt  |4 http://id.loc.gov/vocabulary/relators/edt 
700 1 |a Popkova, Elena G.  |e editor.  |4 edt  |4 http://id.loc.gov/vocabulary/relators/edt 
710 2 |a SpringerLink (Online service) 
773 0 |t Springer eBooks 
776 0 8 |i Printed edition:  |z 9783319726120 
776 0 8 |i Printed edition:  |z 9783319726144 
776 0 8 |i Printed edition:  |z 9783319891903 
830 0 |a Studies in Systems, Decision and Control,  |x 2198-4182 ;  |v 135 
856 4 0 |u https://doi.org/10.1007/978-3-319-72613-7  |z Full Text via HEAL-Link 
912 |a ZDB-2-ENG 
950 |a Engineering (Springer-11647)